Discursos leídos en la sesión de aniversario celebrada por la Sociedad Española de Hidrología médica el día 24 de Febrero de 1889 / (Record no. 161897)
[ view plain ]
| 000 -LEADER | |
|---|---|
| campo de control de longitud fija | 00860nam a22001935i 4500 |
| 001 - NÚMERO DE CONTROL | |
| campo de control | 161897 |
| 003 - IDENTIFICADOR DE NÚMERO DE CONTROL | |
| campo de control | ES-MaACL |
| 005 - FECHA Y HORA DE LA ÚLTIMA TRANSACCIÓN | |
| campo de control | 20250814001154.0 |
| 008 - DATOS DE LONGITUD FIJA--INFORMACIÓN GENERAL | |
| campo de control de longitud fija | 041028s1889 sp |||| | spa d |
| 040 ## - FUENTE DE CATALOGACIÓN | |
| Centro catalogador/agencia de origen | CAM |
| Lengua de catalogación | spa |
| Centro/agencia transcriptor | CAM |
| 100 1# - ENTRADA PRINCIPAL--NOMBRE DE PERSONA | |
| Nombre de persona | Pérez Ortega, Arturo. |
| 9 (RLIN) | 91066 |
| 245 10 - MENCIÓN DEL TÍTULO | |
| Título | Discursos leídos en la sesión de aniversario celebrada por la Sociedad Española de Hidrología médica el día 24 de Febrero de 1889 / |
| Mención de responsabilidad, etc. | por Arturo Perez Ortega y por Amós Calderón y Martínez. |
| 260 ## - PUBLICACIÓN, DISTRIBUCIÓN, ETC. | |
| Lugar de publicación, distribución, etc. | Madrid : |
| Nombre del editor, distribuidor, etc. | [s.n.], |
| Fecha de publicación, distribución, etc. | 1889 ( |
| Fabricante | Establecimiento tipográfico de Enrique Teodoro) |
| 300 ## - DESCRIPCIÓN FÍSICA | |
| Extensión | 39 p. ; |
| Dimensiones | 26 cm. |
| 610 20 - PUNTO DE ACCESO ADICIONAL DE MATERIA--NOMBRE DE ENTIDAD CORPORATIVA | |
| Nombre de entidad corporativa o nombre de jurisdicción como elemento de entrada | Sociedad Española de Hidrología Médica |
| 9 (RLIN) | 226586 |
| 700 11 - ENTRADA AGREGADA--NOMBRE PERSONAL | |
| Nombre de persona | Calderón y Martínez, Amós. |
| 9 (RLIN) | 33633 |
| 852 ## - LOCALIZACIÓN | |
| Ubicación | ES-MaACL |
| Número de control de estantería | T-524-F-13 |
| Nota libre | -- Enc. hol. conservando la cub. original |
| -- | -- Enc. en un vol. facticio |
| Estatus retirado | Estado de pérdida | Estado de daño | No para préstamo | Colección | Biblioteca de origen | Biblioteca actual | Ubicación en estantería | Fecha de adquisición | Total de préstamos | Signatura topográfica completa | Código de barras | Visto por última vez | Precio de reemplazo | Tipo de ítem Koha |
|---|---|---|---|---|---|---|---|---|---|---|---|---|---|---|
| Colección de folletos | Biblioteca del Ateneo de Madrid | Biblioteca del Ateneo de Madrid | Depósito folletos | 17/01/2008 | T-524-F-13 | 1169588 | 23/02/2023 | 23/02/2023 | Folleto |
